Türk Anayasa Hukukunda yargının bağımsızlığı ve tarafsızlığı : (Record no. 200042699)
[ view plain ]
| 000 -LEADER | |
|---|---|
| fixed length control field | 01197 a2200277 4500 |
| 001 - CONTROL NUMBER | |
| control field | 200042699 |
| 003 - CONTROL NUMBER IDENTIFIER | |
| control field | TR-AnTOB |
| 005 - DATE AND TIME OF LATEST TRANSACTION | |
| control field | 20230907094353.0 |
| 008 - FIXED-LENGTH DATA ELEMENTS--GENERAL INFORMATION | |
| fixed length control field | 110928s2010 tu 000 0 |
| 020 ## - INTERNATIONAL STANDARD BOOK NUMBER | |
| International Standard Book Number | 9789754645507 |
| 040 ## - CATALOGING SOURCE | |
| Original cataloging agency | TR-AnTOB |
| 041 ## - LANGUAGE CODE | |
| Language code of text/sound track or separate title | Türkçe |
| 050 14 - LIBRARY OF CONGRESS CALL NUMBER | |
| Classification number | KKX1612 |
| Item number | .F46 2010 |
| 090 ## - LOCALLY ASSIGNED LC-TYPE CALL NUMBER (OCLC); LOCAL CALL NUMBER (RLIN) | |
| Classification number (OCLC) (R) ; Classification number, CALL (RLIN) (NR) | KKX1612 .F46 2010 |
| 100 1# - MAIN ENTRY--PERSONAL NAME | |
| Personal name | Fendoğlu, H. Tahsin, |
| Dates associated with a name | 1952- |
| 9 (RLIN) | 88504 |
| 245 10 - TITLE STATEMENT | |
| Title | Türk Anayasa Hukukunda yargının bağımsızlığı ve tarafsızlığı : |
| Remainder of title | (dünü, bugünü) / |
| Statement of responsibility, etc. | Hasan Tahsin Fendoğlu. |
| 264 #1 - PRODUCTION, PUBLICATION, DISTRIBUTION, MANUFACTURE, AND COPYRIGHT NOTICE | |
| Place of production, publication, distribution, manufacture | Ankara : |
| Name of producer, publisher, distributor, manufacturer | Yetkin Yayınları, |
| Date of production, publication, distribution, manufacture, or copyright notice | 2010. |
| 300 ## - PHYSICAL DESCRIPTION | |
| Extent | 357 p. : |
| Dimensions | 24 cm. |
| 504 ## - BIBLIOGRAPHY, ETC. NOTE | |
| Bibliography, etc. note | |
| 505 0# - FORMATTED CONTENTS NOTE | |
| Formatted contents note | 1. Anayasa Hukukunda Yargı Fonksiyonu. -- 2.Türk Anayasa Hukuku Tarihinde Yargı Fonksiyonu . -- 3. Yargı Bağımsızlığının ve Tarafsızlığının Korunması. -- 4. Yargı Bağımsızlığının Korunması Açısından Yargının Sahip Olduğu Güvemceler ve Yargının Denetimi. |
| 650 #0 - SUBJECT ADDED ENTRY--TOPICAL TERM | |
| Topical term or geographic name entry element | Judicial independence |
| Geographic subdivision | Turkey |
| General subdivision | History |
| 9 (RLIN) | 77045 |
| Topical term or geographic name entry element | Yargı bağımsızlığı |
| Geographic subdivision | Türkiye |
| General subdivision | Tarih |
| 9 (RLIN) | 77046 |
| 700 1# - ADDED ENTRY--PERSONAL NAME | |
| Personal name | Fendoğlu, H. Tahsin, |
| Dates associated with a name | 1952- |
| 9 (RLIN) | 88504 |
| 942 ## - ADDED ENTRY ELEMENTS (KOHA) | |
| Koha item type | Book |
| Withdrawn status | Lost status | Source of classification or shelving scheme | Not for loan | Collection code | Home library | Current library | Shelving location | Date acquired | Source of acquisition | Cost, normal purchase price | Serial Enumeration / chronology | Inventory number | Total Checkouts | Total Holds | Full call number | Barcode | Copy number | Cost, replacement price | Date shelved | Koha item type |
|---|---|---|---|---|---|---|---|---|---|---|---|---|---|---|---|---|---|---|---|---|
| Ödünç Verilebilir / Available | Genel Koleksiyon | Merkez Kütüphane | Merkez Kütüphane | Genel Koleksiyon / Main Collection | 28/09/2011 | Bağış / Donation | 0.00 | 1 | HUK | KKX1612 .F46 2010 | 0037196 | 1 | 0.01 | Book |
